000 00318nam a22001337a 4500
008 170525b xxu||||| |||| 00| 0 eng d
020 _a9780132888950
041 _aeng
080 _a62
100 _a26
101 _aIM
245 _aESSAYSON OBJECT ORIENTED SOFTWARE ENGINEERING
_cBERARD.E.V
942 _2udc
_cBK
999 _c14201
_d14201